000 00551pab a2200181 454500
008 180718b1998 xxu||||| |||| 00| 0 eng d
100 _aVerheijen, Tony
245 _aReforming public policy processes and securing accountability: Ireland in a comparative perspective
260 _c1998
300 _ap.97-118
362 _aMar
650 _aAccountability - Ireland
650 _aPublic policy - Ireland
650 _aPublic policy
700 _aMillar, Michelle
773 _aInternational Review of Administrative Sciences
909 _a38045
999 _c38045
_d38045